Normal view
MARC view
- Project management | Industrial development projects -- Management | Production scheduling
Entry Topical Term
001 - CONTROL NUMBER
- control field: 69286
003 - CONTROL NUMBER IDENTIFIER
- control field: NUST
005 - DATE AND TIME OF LATEST TRANSACTION
- control field: 20210628204217.0
008 - FIXED-LENGTH DATA ELEMENTS
- fixed length control field: 210628|| aca||aabn | a|a d
040 ## - CATALOGING SOURCE
- Original cataloging agency: NUST
- Transcribing agency: NUST
150 ## - HEADING--TOPICAL TERM
- Topical term or geographic name entry element: Project management | Industrial development projects -- Management | Production scheduling
670 ## - SOURCE DATA FOUND
- Source citation: Work cat.: (NUST): Lewis, James P 65900, Normal view MARC view ISBD view The project manager's desk reference [electronic resource] : a comprehensive guide to project planning, scheduling, evaluation, and systems, 2000
